000 00572cam a22002053a 4500
001 38274
003 PGUSA
005 20140828083838.0
008 111211s2011||||xxu|||||s|||||000 | eng d
040 _aPGUSA
_beng
042 _adc
245 1 0 _aEcclesiastical Curiosities
_h[electronic resource] /
_cVarious
260 _bProject Gutenberg,
_c2011
506 _aPublic domain in the USA.
516 _aElectronic text
700 1 _aAndrews, William,
_d1848-1908
830 0 _aProject Gutenberg
_v38274
856 4 0 _uhttp://www.gutenberg.org/ebooks/38274
942 _cEB
999 _c267528
_d267528